| 000 | 00832 a2200265 4500 | ||
|---|---|---|---|
| 003 | OSt | ||
| 005 | 20180116192333.0 | ||
| 008 | 120209t xxu||||| |||| 00| 0 eng d | ||
| 010 | _a 81479035 | ||
| 020 | _a0246111844 : | ||
| 040 | _c0 | ||
| 082 | 0 | 0 | _a711.58 |
| 100 | 1 | _aKirschenmann, Jörg C. | |
| 245 | 1 | 0 |
_aResidential districts / _cJörg C. Kirschenmann and Christian Muschalek. |
| 260 |
_aLondon ; _aNew York : _bGranada, _c1980. |
||
| 300 |
_a192 p. : _bill., plans ; _c31 cm. |
||
| 500 | _aTranslation of Quartiere zum Wohnen. | ||
| 500 | _aIncludes index. | ||
| 650 | 0 | _aDwellings. | |
| 650 | 0 |
_aArchitecture, Modern _y20th century. |
|
| 650 | 0 | _aCity planning. | |
| 700 | 1 | _aMuschalek, Christian, | |
| 942 |
_aSADA _cBK _k711.58 KIR 1980 _2ddc |
||
| 999 |
_c352394 _d352394 |
||